[Event "CHI-chT"]
[Site "Chile"]
[Date "2023.11.07"]
[Round "1.3"]
[White "Conejeros Fredes, Tomas Gabriel"]
[Black "Gallardo Ramirez, Ricardo Manuel"]
[Result "0-1"]
[WhiteElo "1411"]
[BlackElo "1767"]
[PlyCount "118"]
[EventDate "2023.11.07"]
[EventType "team-tourn"]
[EventRounds "7"]
[EventCountry "CHI"]
[SourceTitle "CBM 217 Extra"]
[Source "ChessBase"]
[SourceDate "2024.01.31"]
[SourceVersion "1"]
[SourceVersionDate "2024.01.31"]
[SourceQuality "1"]
[WhiteTeam "UBB"]
[BlackTeam "USACH"]
[WhiteTeamCountry "CHI"]
[BlackTeamCountry "CHI"]

1. e4 c5 2. Nf3 Nc6 3. Bb5 e6 4. 0-0 Nge7 5. c3 a6 6. Ba4 b5 7. Bc2 Qc7 8. d4 d6 9. Re1 Bb7 10. a4 Rc8 11. axb5 axb5 12. d5 Nd8 13. Na3 Qb6 14. Nxb5 Ba6 15. Na3 f6 16. Ba4+ Kf7 17. Bd7 Rc7 18. dxe6+ Nxe6 19. Bxe6+ Kxe6 20. Bf4 Ng6 21. Bg3 Qb7 22. Nd2 Be7 23. Ndc4 Bxc4 24. Nxc4 Rd8 25. Ne3 Kf7 26. Nd5 Rcd7 27. Qe2 Rb8 28. Ra2 Bf8 29. h4 Ne7 30. Nf4 Qb5 31. Qh5+ Kg8 32. Qg4 Rdd8 33. h5 Qc4 34. Ra7 Nc6 35. Rc7 Ne5 36. Qf5 Nf7 37. Nd5 Re8 38. Bf4 Rxb2 39. h6 Re2 40. Rxe2 Qxe2 41. hxg7 Bxg7 42. Nxf6+ Bxf6 43. Qxf6 Qd1+ 44. Kh2 Qh5+ 45. Kg3 Qg6+ 46. Qxg6+ hxg6 47. f3 g5 48. Bd2 Rb8 49. Kg4 Rb2 50. Be3 Rxg2+ 51. Kf5 Rg3 52. Kg6 Ne5+ 53. Kh6 Rxf3 54. Bxc5 dxc5 55. Rxc5 Nf7+ 56. Kg6 Kf8 57. Rc8+ Ke7 58. Rc7+ Kd6 59. Rc4 Ne5+ 0-1

[Event "FISU World University"]
[Site "Tornelo INT"]
[Date "2020.10.26"]
[Round "2.27"]
[White "Gallardo Ramirez, Ricardo Manuel"]
[Black "Pinillo Canon, Silvana"]
[Result "0-1"]
[WhiteElo "1681"]
[BlackElo "1785"]
[PlyCount "160"]
[EventDate "2020.10.26"]
[EventType "team-swiss (rapid)"]
[EventRounds "9"]
[EventCountry "NET"]
[SourceTitle "CBM 199 Extra"]
[Source "ChessBase"]
[SourceDate "2021.01.31"]
[SourceVersion "1"]
[SourceVersionDate "2021.01.31"]
[SourceQuality "1"]
[WhiteTeam "Chile IV"]
[BlackTeam "Colombia V"]
[WhiteTeamCountry "CHI"]
[BlackTeamCountry "COL"]

1. e4 e5 2. Nf3 Nc6 3. Bc4 Bc5 4. c3 Nf6 5. d3 0-0 6. Nbd2 Re8 7. Nf1 d5 8. exd5 Nxd5 9. Ng3 a6 10. Bb3 Be6 11. Ng5 h6 12. Nxe6 Rxe6 13. Qf3 Nce7 14. Ne4 Ba7 15. 0-0 f5 16. Ng3 Rf6 17. Re1 e4 18. Qe2 Kh8 19. dxe4 fxe4 20. Nxe4 Rf8 21. Qh5 Nf6 22. Nxf6 Rxf6 23. Be3 Bxe3 24. Rxe3 Qf8 25. Re2 Rd8 26. Qe5 Ng6 27. Qxc7 b5 28. g3 Rc8 29. Qb7 Rb8 30. Qe4 Qc5 31. Rd1 Rbf8 32. Rdd2 Qg5 33. Bc2 Rf4 34. Qd3 R4f6 35. h4 Qh5 36. Qe4 Qc5 37. Rd5 Qb6 38. h5 Rxf2 39. Qd4 Qxd4 40. Rxd4 Rxe2 41. Bxg6 Rxb2 42. a4 Kg8 43. axb5 axb5 44. Rd7 Rc8 45. Rb7 Kf8 46. Rf7+ Kg8 47. Rb7 Rd8 48. Rf7 Rd1+ 49. Rf1 Rxf1+ 50. Kxf1 Rb3 51. Be8 Kf8 52. Bc6 Ke7 53. Ke2 Rxc3 54. Bxb5 Rxg3 55. Kf2 Rg5 56. Be2 Kf6 57. Bd1 Re5 58. Kg3 Kg5 59. Kg2 Kh4 60. Kf3 Rxh5 61. Kf4 Rg5 62. Bf3 Rg1 63. Be2 g5+ 64. Kf3 g4+ 65. Kf2 Rg3 66. Ba6 Kh3 67. Bb7 h5 68. Be4 h4 69. Bd5 Kh2 70. Be4 Rg1 71. Bd5 g3+ 72. Kf3 Rf1+ 73. Kg4 h3 74. Kh4 g2 75. Be6 g1Q 76. Kh5 Qc5+ 77. Kh4 Rf4+ 78. Bg4 Qg1 79. Kh5 Qxg4+ 80. Kh6 Rf5 0-1